01642nam a22002177a 450000500170000000800410001702000180005804000070007604100080008308200210009110000160011224500700012826000380019830000320023636500600026852010320032865000110136065000110137170000180138270000240140020211012090417.0211011b ||||| |||| 00| 0 eng d a9789391165147 cAL aeng 223a327.12bLEVS aAdrian Levy aSpy StoriesbInside the secret World of the R.A.W. and the I.S.I. aNew DelhibJuggernaut Booksc2021 axviii,340 p.bPBc23x15 cm. aBLCR-000065b₹559.20c₹d₹699.00e20%f05-10-2021 aFrom 9/11 to 26/11, Burhan Wani to Kulbhushan Jadhav – the India–Pakistan relationship told from the perspective of the R.A.W. and the I.S.I. With unprecedented access to the R.A.W. and the I.S.I., the world’s most inscrutable spy agencies, Adrian Levy and Cathy Scott-Clark describe the workings of bitter rivals, mapping their complicated history from the 1960s to the present day. From the Parliament attacks to Pulwama, 9/11 to Osama bin Laden’s assassination, the rise of terror’s shadow armies to the fall of Kulbhushan Jadhav, here are some of the key events that have shaped the region, told from the split viewpoints of duelling enemies. Levy and Scott-Clark also uncover a darker seam – of the destructive impact of C.I.A. interference, and how the I.S.I. fought for its life against dark forces it once funded, while the R.A.W. created ghost enemies to strengthen its hand. Revelatory and unputdownable, Spy Stories clears the fog to reveal the spies and their assets, as you have never seen them before. aR.A.W. aI.S.I. aLEVY (Adrian) aCLARK (Cathy Scott)